| 000 | 00620nam 22001813 4500 | ||
|---|---|---|---|
| 001 | 32666 | ||
| 010 | _a3-9259|9-32-5 | ||
| 090 | _a32666 | ||
| 100 | _a20260401d 2003u||y0engy50 ba | ||
| 101 | _aeng | ||
| 102 | _aDE | ||
| 200 |
_aCephalopods, a World Guide: Pacific Ocean, Indian Ocean, Red Sea, Atlantic Ocean, Caribbean, Arctic, Antarctic _fMark Norman |
||
| 205 | _a2.ª Ed. | ||
| 210 |
_aCalifórnia _cConchbooks _d2003 |
||
| 215 |
_a320 p. _cil. color _d24 cm |
||
| 606 |
_aPolvos _xArgonautas _xChocos _xLulas _xNáutilos _yOceano Pacífico _z2002 |
||
| 700 |
_aNorman _bMark |
||
| 710 | _aUniversidade da Califórnia | ||